[Event "WLS Under 1850 League"]
[Site "Wales"]
[Date "2020.02.23"]
[Round "2.7"]
[White "Mills, Paul"]
[Black "Swamy, Anshul"]
[Result "1-0"]
[WhiteElo "1528"]
[BlackElo "1319"]
[PlyCount "105"]
[EventDate "2020.01.26"]
[EventType "team-tourn"]
[EventRounds "9"]
[EventCountry "WLS"]
[SourceTitle "EXT 2022"]
[Source "ChessBase"]
[SourceDate "2021.10.06"]
[SourceVersion "1"]
[SourceVersionDate "2021.10.06"]
[SourceQuality "1"]
[WhiteTeam "Abergavenny"]
[BlackTeam "North Cardiff Dragon Slayers"]
[WhiteTeamCountry "WLS"]
[BlackTeamCountry "WLS"]

1. d4 d5 2. c4 e6 3. Nf3 c5 4. cxd5 exd5 5. Nc3 Nf6 6. Bg5 Be7 7. dxc5 Nc6 8. e3 Ne4 9. Bxe7 Nxc3 10. Bxd8 Nxd1 11. Rxd1 Nxd8 12. Bb5+ Nc6 13. Ne5 a6 14. Ba4 b5 15. cxb6 Bd7 16. Nxd7 Kxd7 17. Rxd5+ Ke6 18. Bxc6 Rac8 19. Bb7 Rb8 20. Ra5 Rxb7 21. Rxa6 Rhb8 22. Ke2 Rxb6 23. Rxb6+ Rxb6 24. b3 Ra6 25. Ra1 f5 26. a3 Ke5 27. b4 Kd5 28. Kd3 Rh6 29. h3 Rg6 30. g3 Rh6 31. h4 Ra6 32. a4 h6 33. b5 Rb6 34. Rc1 g5 35. Rc6 Rxc6 36. bxc6 Kxc6 37. hxg5 hxg5 38. Kd4 Kb6 39. Ke5 Ka5 40. Kxf5 Kxa4 41. Kxg5 Kb5 42. Kf6 Kc5 43. e4 Kd4 44. e5 Ke4 45. e6 Kf3 46. e7 Kxf2 47. e8Q Kxg3 48. Qe4 Kh2 49. Qg4 Kh1 50. Kf5 Kh2 51. Kf4 Kh1 52. Kf3 Kh2 53. Qg2# 1-0

[Event "Michigan Novice"]
[Site "Auburn Hills"]
[Date "2005.01.16"]
[Round "4.1"]
[White "McComb, Zach"]
[Black "Mills, Paul"]
[Result "0-1"]
[WhiteElo "876"]
[BlackElo "1927"]
[PlyCount "36"]
[EventDate "2005.01.15"]
[EventType "swiss"]
[EventRounds "5"]
[EventCountry "USA"]
[SourceTitle "EXT 2006"]
[Source "ChessBase"]
[SourceDate "2005.11.24"]
[SourceVersion "1"]
[SourceVersionDate "2005.11.24"]
[SourceQuality "1"]

1. e4 e6 2. Nf3 Nf6 3. Nc3 d6 4. d3 Nc6 5. Bg5 Be7 6. Be2 d5 7. e5 Ne4 8. dxe4 Bxg5 9. Nxg5 Qxg5 10. exd5 Qxe5 11. dxc6 0-0 12. cxb7 Bxb7 13. f3 Rad8 14. Qc1 Rd6 15. f4 Qc5 16. f5 Bxg2 17. Rg1 Qxg1+ 18. Bf1 Qxf1# 0-1

[Event "Coventry op 1st"]
[Site "Coventry"]
[Date "2004.04.17"]
[Round "2"]
[White "Horton, Justin"]
[Black "Mills, Paul"]
[Result "1-0"]
[WhiteElo "2056"]
[BlackElo "1933"]
[PlyCount "71"]
[EventDate "2004.04.16"]
[EventType "swiss"]
[EventRounds "5"]
[EventCountry "ENG"]
[SourceTitle "CBM 099 Extra"]
[Source "ChessBase"]
[SourceDate "2004.05.04"]
[SourceVersion "1"]
[SourceVersionDate "2004.05.04"]
[SourceQuality "1"]

1. d4 d5 2. Nf3 Nf6 3. c4 dxc4 4. e3 b5 5. a4 c6 6. axb5 cxb5 7. b3 e6 8. bxc4 Bb4+ 9. Bd2 Bxd2+ 10. Nbxd2 bxc4 11. Nxc4 0-0 12. Be2 Bb7 13. Qb3 Bd5 14. 0-0 Nbd7 15. Qa3 Rc8 16. Rfc1 Nb6 17. Nce5 Rxc1+ 18. Rxc1 Ne8 19. Qxa7 f6 20. Nc6 Bxc6 21. Rxc6 Nd5 22. Rxe6 Rf7 23. Qc5 Nec7 24. Rd6 Qa8 25. h3 Qa1+ 26. Kh2 Qa8 27. Bc4 Qb8 28. g3 Nxe3 29. Bxf7+ Kxf7 30. Rd7+ Kg6 31. Nh4+ Kh6 32. Qc1 g5 33. Qxe3 Qc8 34. Nf5+ Kh5 35. Qf3+ Kg6 36. Rg7# 1-0